Click-ing TV Shows Quiz Stats

 Plays Quiz Updated Jan 10, 2018

Challenge
Share
Tweet
Embed
Score 0/20 Timer 03:00
0 Plays Today
% Correct
Breaking
96.6%
Standing
95.8%
Keeping
95.8%
Dancing
95.7%
Walking
94.1%
Growing
92.9%
Amazing
88.9%
Living
88.6%
Pushing
86.6%
Dating
86.3%
% Correct
Calling
84.2%
Flying
83.1%
Guiding
82.9%
Raising
81.1%
Landing
80.5%
Running
79.9%
Saving
76.4%
Crossing
74.8%
Designing
71.1%
Judging
68%

You're not logged in!

Compare scores with friends on all Sporcle quizzes.
OR
Log In

You Might Also Like...

Show Comments

Extras

Top Quizzes Today


Score Distribution

Your Account Isn't Verified!

In order to create a playlist on Sporcle, you need to verify the email address you used during registration. Go to your Sporcle Settings to finish the process.

Report this User

Report this user for behavior that violates our Community Guidelines.

Details: